000 00329nam a22001337a 4500
020 _a0-340-89313-3
082 _a823
_bBLY/S
100 _aENID BLYTON
245 _aSECRET SEVEN WIN THROUGH
260 _aGREAT BRITAIN
_bHODDER CHILDRENS BOOK
_c1955
300 _a122
650 _aCHILDREN'S STORY BOOK
_zUNITED KINGDOM
942 _cBK
999 _c171
_d171